The candy everyone was obsessed with the decade you were born - Statistics

General Stats
  • This quiz has been taken 10 times
  • The average score is 5 of 27
Answer Stats
Hint Answer % Correct
1983 Skittles
60%
2020 Skittles
60%
1995 Hershey's
50%
1970 Reese's
50%
1948 M and M's
40%
2017 Snickers
40%
1975 Pop Rocks
30%
1985 Sour Patch Kids
30%
1967 Starburst
30%
1950 Hot Tamales
20%
1965 Dum Dums
10%
1976 Gobstoppers
10%
1955 Good and Plenty
10%
1980 Jelly Belly
10%
2007 5 Gum's
0%
1998 Baby Bottle Pop
0%
2000 Bertie Bott's Every Flavor Beans
0%
1990 Big League Chew
0%
1957 Charleston Chew
0%
1973 Fun Dip
0%
1988 Gummy Candies
0%
1960 Pixy Stix
0%
2019 Reese's Peanut Butter Cups
0%
1982 Reese's Pieces
0%
1962 Sweetarts
0%
1945 Tootsie Rolls
0%
1993 Warheads
0%
No matching quizzes found
Score Distribution
Percent of People with Each Score
Percentile by Number Answered
Your Score History
You have not taken this quiz